| 000 | 01380nac a22003735a 4500 | ||
|---|---|---|---|
| 999 |
_c7787 _d7787 |
||
| 003 | EG-ScBUE | ||
| 005 | 20200308142040.0 | ||
| 008 | 090225t20042004nyua f b 001 0 eng d | ||
| 020 | _a0071233652 | ||
| 020 | _a9780071233651 | ||
| 040 |
_aEG-ScBUE _beng _erda _cEG-ScBUE _dEG-ScBUE |
||
| 082 | 0 | 4 |
_a515.9 _bBRO _222 |
| 100 | 1 |
_aBrown, James Ward, _eauthor. |
|
| 245 | 1 | 0 |
_aComplex variables and applications / _cJames Ward Brown, Professor of Mathematics, The University of Michigan-Dearborn, Ruel V. Churchill, Late Professor of Mathematics, The University of Michigan. |
| 250 | _aSeventh edition. | ||
| 250 | _aInternational edition. | ||
| 264 | 1 |
_aNew York : _bMcGraw-Hill Higher Education, _c[2004] |
|
| 264 | 4 | _cc2004 | |
| 300 |
_axvi, 458 pages : _billustrations ; _c25 cm. |
||
| 336 |
_atext _btxt _2rdacontent |
||
| 337 |
_aunmediated _bn _2rdamedia |
||
| 338 |
_avolume _bnc _2rdacarrier |
||
| 490 | 0 | _aBrown-Churchill series | |
| 490 | 0 | _aSchaum's Outline Series in Mathematics & Statistics | |
| 490 | 0 | _aSchaum's Solved Problem Series | |
| 504 | _aIncludes bibliographical references and index. | ||
| 650 | 0 |
_aFunctions of complex variables. _2BUEsh |
|
| 651 | _2BUEsh | ||
| 653 |
_cAugust2015 _cAugust2015 _bENGGEN |
||
| 653 |
_bENGGEN _cMarch2020 |
||
| 700 | 1 |
_aChurchill, Ruel Vance, _d1899- _eauthor. |
|
| 942 |
_cBB _2ddc |
||